Pays champions du monde en sports collectifs (féminins) - Statistiques

Statistiques générales
  • Ce quiz a été pris 201 fois
  • Le résultat moyen est 56 sur 64
Statistiques - réponses
Sport Année Pays vainqueur % Correct
Basket-ball 1953 Etats-Unis
99%
Basket-ball 1957 Etats-Unis
99%
Basket-ball 1979 Etats-Unis
99%
Basket-ball 1986 Etats-Unis
99%
Basket-ball 1990 Etats-Unis
99%
Rugby 1991 Etats-Unis
99%
Football 1991 Etats-Unis
99%
Basket-ball 1998 Etats-Unis
99%
Football 1999 Etats-Unis
99%
Basket-ball 2002 Etats-Unis
99%
Basket-ball 2010 Etats-Unis
99%
Basket-ball 2014 Etats-Unis
99%
Football 2015 Etats-Unis
99%
Handball 2003 France
98%
Handball 2001 Russie
96%
Handball 2005 Russie
96%
Handball 2007 Russie
96%
Handball 2009 Russie
96%
Basket-ball 1959 Union soviétique
96%
Basket-ball 1964 Union soviétique
96%
Basket-ball 1967 Union soviétique
96%
Basket-ball 1971 Union soviétique
96%
Basket-ball 1975 Union soviétique
96%
Handball 1982 Union soviétique
96%
Basket-ball 1983 Union soviétique
96%
Handball 1986 Union soviétique
96%
Volley-ball 1977 Japon
95%
Football 2011 Japon
95%
Handball 1993 Allemagne
93%
Football 2003 Allemagne
93%
Football 2007 Allemagne
93%
Handball 1971 Allemagne de l'Est
93%
Handball 1975 Allemagne de l'Est
93%
Handball 1978 Allemagne de l'Est
93%
Rugby 1994 Angleterre
93%
Rugby 2014 Angleterre
93%
Volley-ball 1981 Chine
89%
Volley-ball 1985 Chine
89%
Volley-ball 2003 Chine
89%
Volley-ball 2015 Chine
89%
Basket-ball 1994 Brésil
88%
Handball 2013 Brésil
88%
Basket-ball 2006 Australie
87%
Football 1995 Norvège
85%
Handball 1999 Norvège
85%
Handball 2011 Norvège
85%
Handball 2015 Norvège
85%
Volley-ball 1973 Union soviétique
85%
Volley-ball 2007 Italie
84%
Volley-ball 2011 Italie
84%
Rugby 1998 Nouvelle-Zélande
82%
Rugby 2002 Nouvelle-Zélande
82%
Rugby 2006 Nouvelle-Zélande
82%
Rugby 2010 Nouvelle-Zélande
82%
Handball 1997 Danemark
77%
Handball 1973 Yougoslavie
76%
Handball 1962 Roumanie
65%
Handball 1957 Tchécoslovaquie
65%
Handball 1965 Hongrie
60%
Handball 1995 Corée du Sud
52%
Volley-ball 1989 Cuba
39%
Volley-ball 1991 Cuba
39%
Volley-ball 1995 Cuba
39%
Volley-ball 1999 Cuba
39%
Aucun quiz correspondant
Distribution des résultats
% des personnes avec chaque résultat
Percentile par nombre de réponses
Votre historique - résultats
Vous n’avez pas pris ce quiz